000 00777nmm a2200229Ia 4500
008 251105s9999||||xx |||||||||||||||||und||
020 _a9788490291771
041 _aspa
100 _aFerré Pavia, Carme
245 0 _aInfoentretenimiento :
_b El formato imparable de la era del espectáculo
264 _a[Madrid, España] :
_bUniversitat Oberta de Catalunya,
_c2013
300 _a130 páginas
650 _aMedia Studies (Journ., TV, etc)
700 _aFerré Pavia, Carme
700 1 _a Gayà Morlà, Catalina
700 1 _a Ferrer Rodríguez, Iliana Esther
700 1 _a Lozano Rendón, José Carlos
700 1 _a Carrillo Pérez, Nereida
700 1 _a Montoya de Bermúdez, Diego
856 _uhttps://public.digitaliapublishing.com/a/29359
942 _cCF
999 _c65432
_d65432